Évente ötezren kerülnek kórházba A vény nélküli szer sem veszélytelen
Elmentve itt :
| Dokumentumtípus: | Cikk |
|---|---|
| Megjelent: |
2006-09-05
|
| Sorozat: | Délmagyarország
96 No. 208 Gy |
| Kulcsszavak: | Falkay György |
| Online Access: | http://dmarchiv.bibl.u-szeged.hu/126786 |
| LEADER | 00456nab a2200145 i 4500 | ||
|---|---|---|---|
| 001 | delm126786 | ||
| 005 | 20191211091249.0 | ||
| 008 | 191211s2006 hu o 0|| hun d | ||
| 040 | |a SZTE Délmagyarország Archívum |b hun | ||
| 041 | |a hun | ||
| 245 | 0 | 0 | |a Évente ötezren kerülnek kórházba |h [elektronikus dokumentum] : |b A vény nélküli szer sem veszélytelen |
| 260 | |c 2006-09-05 | ||
| 300 | |a 8 | ||
| 490 | 0 | |a Délmagyarország |v 96 No. 208 Gy | |
| 695 | |a Falkay György | ||